000 00626nam a2200229Ia 4500
003 OSt
005 20221007074245.0
006 a|||||r|||| 00| 0
007 ta
008 221006b |||||||| |||| 00| 0 eng d
024 _a19,143
037 _cTextual
040 _aFLL
_cFLL
_beng
041 _2eng
_aeng
082 _aZ:805, K1
100 _aRothblatt Henry B.
_9692845
245 0 _aSuccessful techniques in the trial of criminal cases
260 _aN.J.
_bPrentice-Hall Inc. USA
_c1961
300 _a242p
_ccm.
942 _hZ:805, K1
_cTEXL
_2CC
999 _c1151719
_d1151719